Visualizzazione normale
Vista MARC
- Fitzgerald Ella
di Personal Name
Records bibliografici associati: 1
001 - CONTROL NUMBER
- control field: 31483
003 - CONTROL NUMBER IDENTIFIER
- control field: IT-RoPau
005 - DATE AND TIME OF LATEST TRANSACTION
- control field: 20140623171217.0
008 - FIXED-LENGTH DATA ELEMENTS
- fixed length control field: 140623|| aca||aabn | a|a d
040 ## - CATALOGING SOURCE
- Original cataloging agency: IT-RoPau
- Transcribing agency: IT-RoPau
100 ## - HEADING--PERSONAL NAME
- Personal name: Fitzgerald Ella
- Miscellaneous information: Codice interprete SPICS: 10784
- Relator term: Interprete
670 ## - SOURCE DATA FOUND
- Source citation: Work cat.: (IT-RoPau)99315: AA.VV. 794, Ella Fitzgerald. La nascita di una first lady